[Event "Pan American-ch U20"]
[Site "Asuncion"]
[Date "2025.06.16"]
[Round "4"]
[White "Campos Gomez, Manuel"]
[Black "Lopez Rayo, Santiago"]
[Result "1/2-1/2"]
[WhiteElo "2355"]
[BlackElo "2282"]
[PlyCount "69"]
[EventDate "2025.06.14"]
[EventType "swiss"]
[EventRounds "9"]
[EventCountry "PAR"]
[SourceTitle "CB26_2025"]
[SourceDate "2025.06.25"]
[SourceVersion "1"]
[SourceVersionDate "2025.06.25"]
[SourceQuality "1"]

1. d4 Nf6 2. Nf3 d5 3. c4 e6 4. g3 Bb4+ 5. Bd2 Be7 6. Bg2 c6 7. 0-0 0-0 8. Bc3 dxc4 9. a4 b5 10. axb5 cxb5 11. Ba5 Qe8 12. Ne5 Nd5 13. b3 Nc6 14. bxc4 bxc4 15. Nc3 Bb7 16. Nxd5 exd5 17. Bxd5 Nxa5 18. Rxa5 Bxd5 19. Rxd5 Bf6 20. Qc2 Qe6 21. e4 Rfd8 22. Qxc4 Bxe5 23. dxe5 Rxd5 24. exd5 Qxe5 25. Rb1 h6 26. Rb7 Rd8 27. d6 Qe6 28. Qxe6 fxe6 29. Rxa7 Rxd6 30. Kg2 Kh7 31. h4 Kg6 32. g4 Kf6 33. Kg3 Rd3+ 34. f3 Rd4 35. Kf2 1/2-1/2

[Event "Pan American-ch U20"]
[Site "Asuncion"]
[Date "2025.06.14"]
[Round "2"]
[White "Mendez Machado, Andre"]
[Black "Campos Gomez, Manuel"]
[Result "0-1"]
[WhiteElo "2202"]
[BlackElo "2355"]
[PlyCount "75"]
[EventDate "2025.06.14"]
[EventType "swiss"]
[EventRounds "9"]
[EventCountry "PAR"]
[SourceTitle "CB26_2025"]
[SourceDate "2025.06.25"]
[SourceVersion "1"]
[SourceVersionDate "2025.06.25"]
[SourceQuality "1"]

1. e4 c5 2. Nf3 d6 3. d4 cxd4 4. Qxd4 Nc6 5. Bb5 Bd7 6. Qd3 g6 7. c4 Nf6 8. Nc3 Bg7 9. h3 0-0 10. 0-0 Be6 11. Bxc6 bxc6 12. Nd4 Rc8 13. Be3 Nd7 14. Nxe6 fxe6 15. Rfd1 Qa5 16. Rac1 Rb8 17. Qd2 Nc5 18. f3 Bxc3 19. Qxc3 Qxc3 20. Rxc3 Na4 21. Rb3 Nxb2 22. Rxb8 Nxd1 23. Rb3 Nxe3 24. Rxe3 Rb8 25. Ra3 Rb7 26. c5 Kf7 27. Ra6 Rc7 28. e5 dxc5 29. Ra5 Rd7 30. Rxc5 Rd5 31. Rxc6 Ra5 32. Rc2 Rxe5 33. Kf2 Rh5 34. Ke3 Kf6 35. Kd4 Kf5 36. Kc4 Kf4 37. Re2 e5 38. Kb4 0-1

[Event "American Continental Blitz 19th"]
[Site "Foz do Iguacu"]
[Date "2025.05.30"]
[Round "1"]
[White "Reyes Zavaleta, Cristhian Yamil"]
[Black "Campos Gomez, Manuel"]
[Result "0-1"]
[WhiteElo "2073"]
[BlackElo "2355"]
[PlyCount "54"]
[EventDate "2025.05.30"]
[EventType "swiss (blitz)"]
[EventRounds "9"]
[EventCountry "BRA"]
[SourceTitle "CB23_2025"]
[SourceDate "2025.06.04"]
[SourceVersion "1"]
[SourceVersionDate "2025.06.04"]
[SourceQuality "1"]

1. d4 Nf6 2. c4 b6 3. Nc3 Bb7 4. Nf3 e6 5. g3 Bb4 6. Bg2 0-0 7. 0-0 Bxc3 8. bxc3 d6 9. Ba3 c5 10. Nd2 Bxg2 11. Kxg2 Nc6 12. e3 Qd7 13. Qf3 Rac8 14. Rfd1 Na5 15. Bb2 cxd4 16. cxd4 Nxc4 17. Nxc4 Rxc4 18. e4 d5 19. e5 Ne4 20. Qd3 Rfc8 21. Rac1 Rxc1 22. Rxc1 Rxc1 23. Bxc1 Qc6 24. Bb2 h6 25. h4 Qc4 26. Qxc4 dxc4 27. Kf1 f5 0-1

[Event "American Continental 19th"]
[Site "Foz do Iguacu"]
[Date "2025.05.26"]
[Round "5"]
[White "Campos Gomez, Manuel"]
[Black "Piasetski, Leon David"]
[Result "1-0"]
[WhiteElo "2355"]
[BlackElo "2153"]
[PlyCount "75"]
[EventDate "2025.05.23"]
[EventType "swiss"]
[EventRounds "11"]
[EventCountry "BRA"]
[SourceTitle "CB23_2025"]
[SourceDate "2025.06.04"]
[SourceVersion "1"]
[SourceVersionDate "2025.06.04"]
[SourceQuality "1"]

1. Nf3 Nf6 2. c4 e6 3. g3 d5 4. Bg2 Be7 5. 0-0 0-0 6. b3 a5 7. Nc3 c6 8. d4 b6 9. Qc2 Ba6 10. Ne5 Nfd7 11. Nd3 dxc4 12. bxc4 Bxc4 13. a3 Bd5 14. e4 Bc4 15. Rd1 Ra7 16. Bf4 g5 17. Be3 Rc7 18. f4 h6 19. Bf3 Kg7 20. Qb2 Kh7 21. Qc2 Kg7 22. Rd2 Qc8 23. Rg2 Rh8 24. Rf2 f6 25. Nb2 Ba6 26. Qd2 Qf8 27. e5 f5 28. fxg5 Bxa3 29. gxh6+ Kh7 30. Nc4 Be7 31. Bg5 Rg8 32. Bxe7 Qxe7 33. Nd6 Nf8 34. Kh1 Ng6 35. g4 f4 36. Be4 Kxh6 37. Rf3 Rf8 38. Rh3+ 1-0

[Event "American Continental 19th"]
[Site "Foz do Iguacu"]
[Date "2025.05.24"]
[Round "3"]
[White "Campos Gomez, Manuel"]
[Black "Supi, Luis Paulo"]
[Result "1/2-1/2"]
[WhiteElo "2355"]
[BlackElo "2566"]
[PlyCount "38"]
[EventDate "2025.05.23"]
[EventType "swiss"]
[EventRounds "11"]
[EventCountry "BRA"]
[SourceTitle "CB23_2025"]
[SourceDate "2025.06.04"]
[SourceVersion "1"]
[SourceVersionDate "2025.06.04"]
[SourceQuality "1"]

1. Nf3 Nf6 2. c4 e6 3. g3 d5 4. Bg2 d4 5. 0-0 c5 6. e3 Nc6 7. exd4 cxd4 8. d3 h6 9. Na3 Bc5 10. Nc2 a5 11. Qe2 Nd7 12. b3 0-0 13. a3 e5 14. Bd2 Be7 15. b4 Bf6 16. h3 Re8 17. Nh2 Bg5 18. Bxg5 hxg5 19. Qd2 f6 1/2-1/2

[Event "Titled Tuesday intern op 06th May Early"]
[Site "Chess.com INT"]
[Date "2025.05.06"]
[Round "11"]
[White "Campos Gomez, Manuel"]
[Black "Pacheco, Daniel"]
[Result "1-0"]
[WhiteElo "2355"]
[BlackElo "2191"]
[PlyCount "77"]
[EventDate "2025.05.06"]
[EventType "swiss (blitz)"]
[EventRounds "11"]
[EventCountry "USA"]
[SourceTitle "CB20_2025"]
[SourceDate "2025.05.14"]
[SourceVersion "1"]
[SourceVersionDate "2025.05.14"]
[SourceQuality "1"]

1. Nf3 g6 2. c4 Bg7 3. Nc3 Nf6 4. e4 d6 5. d4 0-0 6. Be2 c5 7. 0-0 Nc6 8. d5 Na5 9. Re1 Bg4 10. Nd2 Bxe2 11. Qxe2 Nd7 12. Nb3 Bxc3 13. bxc3 Qb6 14. Bh6 Rfe8 15. Rab1 Rab8 16. Nd4 Qd8 17. Nf5 Ne5 18. Ne3 Qd7 19. f4 Nexc4 20. Nxc4 Nxc4 21. Qxc4 b5 22. Qe2 e6 23. dxe6 Qxe6 24. Rbd1 b4 25. c4 f5 26. Qb2 Qf7 27. exf5 gxf5 28. Rxe8+ Rxe8 29. Rd3 Re6 30. Rg3+ Rg6 31. Rxg6+ hxg6 32. Qe2 Kh7 33. Bg5 a5 34. Qe7 Qxe7 35. Bxe7 d5 36. cxd5 c4 37. d6 Kg7 38. d7 b3 39. d8Q 1-0

[Event "Medellin Sub zt 2.3.2"]
[Site "Medellin"]
[Date "2025.04.16"]
[Round "5"]
[White "Londono Lopez, Donaldo Eliuver"]
[Black "Campos Gomez, Manuel"]
[Result "0-1"]
[WhiteElo "2171"]
[BlackElo "2362"]
[PlyCount "72"]
[EventDate "2025.04.14"]
[EventType "swiss"]
[EventRounds "9"]
[EventCountry "COL"]
[SourceTitle "CB18_2025"]
[SourceDate "2025.04.30"]
[SourceVersion "1"]
[SourceVersionDate "2025.04.30"]
[SourceQuality "1"]

1. e4 c5 2. Nf3 d6 3. d4 cxd4 4. Nxd4 Nf6 5. Nc3 Nc6 6. Bg5 e6 7. Qd2 a6 8. 0-0-0 Bd7 9. Kb1 Nxd4 10. Qxd4 Be7 11. f3 Qc7 12. h4 b5 13. Qd2 h6 14. Be3 h5 15. Bg5 b4 16. Ne2 a5 17. Nd4 Rb8 18. Bd3 a4 19. Rhe1 e5 20. Ne2 Be6 21. f4 Bg4 22. f5 0-0 23. Rc1 d5 24. Ng3 Rfd8 25. Bxf6 Bxf6 26. exd5 Bxh4 27. Nxh5 Bxe1 28. Rxe1 Bxh5 29. Qg5 e4 30. Bxe4 Qe5 31. Qxh5 a3 32. c3 bxc3 33. b3 c2+ 34. Kxc2 Rbc8+ 35. Kd2 Qd4+ 36. Bd3 Qc3+ 0-1

[Event "COL-ch U18"]
[Site "Bucaramanga"]
[Date "2025.04.05"]
[Round "4"]
[White "Garzon Camelo, Andres Santiago"]
[Black "Campos Gomez, Manuel"]
[Result "0-1"]
[WhiteElo "2126"]
[BlackElo "2362"]
[PlyCount "90"]
[EventDate "2025.04.03"]
[EventType "swiss"]
[EventRounds "7"]
[EventCountry "COL"]
[SourceTitle "CB15_2025"]
[SourceDate "2025.04.09"]
[SourceVersion "1"]
[SourceVersionDate "2025.04.09"]
[SourceQuality "1"]

1. e4 c5 2. c3 Nf6 3. e5 Nd5 4. Nf3 Nc6 5. d4 cxd4 6. cxd4 d6 7. Bc4 dxe5 8. Nxe5 e6 9. 0-0 Be7 10. Bb5 Qb6 11. Nc3 0-0 12. Nxd5 exd5 13. Bxc6 bxc6 14. Re1 Be6 15. Qa4 c5 16. Be3 Rfc8 17. Rec1 c4 18. b3 c3 19. Nd3 Bf5 20. Nf4 Qb7 21. Qa5 Be6 22. Nd3 Qb6 23. Qa4 c2 24. Nc5 Bf5 25. b4 a5 26. b5 Rab8 27. Bf4 Qxb5 28. Qa3 Rb6 29. Qf3 Bxc5 30. dxc5 Rxc5 31. Be3 Be4 32. a4 Qd7 33. Qh5 Bg6 34. Bxc5 Rc6 35. Qe5 Rxc5 36. Qb8+ Rc8 37. Qb6 Qd8 38. Qd4 Rc4 39. Qd2 d4 40. Ra2 Qc7 41. Ra3 h5 42. Qe1 Qc5 43. Rb3 Rb4 44. Ra3 Rb1 45. Ra1 Qb4 0-1

[Event "Titled Tuesday intern op 01st Apr Early"]
[Site "Chess.com INT"]
[Date "2025.04.01"]
[Round "10"]
[White "Campos Gomez, Manuel"]
[Black "Lortkipanidze, Nodar"]
[Result "0-1"]
[WhiteElo "2339"]
[BlackElo "2359"]
[PlyCount "44"]
[EventDate "2025.04.01"]
[EventType "swiss (blitz)"]
[EventRounds "11"]
[EventCountry "USA"]
[SourceTitle "CB15_2025"]
[SourceDate "2025.04.09"]
[SourceVersion "1"]
[SourceVersionDate "2025.04.09"]
[SourceQuality "1"]

1. Nf3 e6 2. c4 b6 3. g3 Bb7 4. Bg2 f5 5. 0-0 Nf6 6. Nc3 Bb4 7. Qc2 0-0 8. d3 Bxc3 9. Qxc3 d6 10. b4 Nbd7 11. Re1 Qe8 12. Bb2 e5 13. e3 Qh5 14. Nd2 Bxg2 15. Kxg2 Ng4 16. h3 Nh6 17. f4 Rae8 18. Nf3 Nf7 19. c5 bxc5 20. bxc5 Nxc5 21. fxe5 Na4 22. Qb3 Rb8 0-1

[Event "Titled Tuesday intern op 25th Mar Early"]
[Site "Chess.com INT"]
[Date "2025.03.25"]
[Round "8"]
[White "Campos Gomez, Manuel"]
[Black "Masague Artero, Guerau"]
[Result "1-0"]
[WhiteElo "2339"]
[BlackElo "2343"]
[PlyCount "107"]
[EventDate "2025.03.25"]
[EventType "swiss (blitz)"]
[EventRounds "11"]
[EventCountry "USA"]
[SourceTitle "CB14_2025"]
[SourceDate "2024.11.01"]
[SourceVersion "1"]
[SourceVersionDate "2024.11.01"]
[SourceQuality "1"]

1. Nf3 d5 2. c4 e6 3. g3 dxc4 4. Qa4+ Nd7 5. Qxc4 a6 6. Qc2 b5 7. Bg2 Bb7 8. d4 Ngf6 9. 0-0 c5 10. dxc5 Bxc5 11. a4 Rc8 12. Qd3 Qb6 13. Nc3 0-0 14. axb5 axb5 15. Qxb5 Qxb5 16. Nxb5 Bc6 17. Nbd4 Bd5 18. Bd2 Ne4 19. Bc3 h6 20. Rfc1 e5 21. Nf5 Bxf2+ 22. Kf1 Rfe8 23. Bb4 Bc5 24. Bxc5 Ndxc5 25. Ke1 Be6 26. Ne3 f6 27. Ra7 Nb3 28. Rd1 Red8 29. Rxd8+ Rxd8 30. Nxe5 Nxg3 31. hxg3 fxe5 32. Rb7 Nd4 33. Be4 Rc8 34. b4 Rc3 35. Kd2 Rb3 36. Nc2 Rxg3 37. Nxd4 exd4 38. b5 Rb3 39. Rb8+ Kf7 40. b6 Rb5 41. b7 Kf6 42. Rf8+ Ke7 43. b8Q Rxb8 44. Rxb8 Kd6 45. Rb6+ Ke5 46. Bd3 h5 47. Rb5+ Bd5 48. Bc4 Kf4 49. Rxd5 g5 50. Rxd4+ Kg3 51. Be6 g4 52. Ke3 Kg2 53. Bxg4 hxg4 54. Rxg4+ 1-0

[Event "Titled Tuesday intern op 25th Mar Early"]
[Site "Chess.com INT"]
[Date "2025.03.25"]
[Round "9"]
[White "Campos Gomez, Manuel"]
[Black "Smirnov, Mark1"]
[Result "0-1"]
[WhiteElo "2339"]
[BlackElo "2336"]
[PlyCount "48"]
[EventDate "2025.03.25"]
[EventType "swiss (blitz)"]
[EventRounds "11"]
[EventCountry "USA"]
[SourceTitle "CB14_2025"]
[SourceDate "2024.11.01"]
[SourceVersion "1"]
[SourceVersionDate "2024.11.01"]
[SourceQuality "1"]

1. Nf3 Nf6 2. c4 e6 3. g3 d5 4. Bg2 Be7 5. 0-0 0-0 6. b3 c5 7. cxd5 Nxd5 8. Bb2 Nc6 9. d4 cxd4 10. Nxd4 Bd7 11. Na3 Bxa3 12. Bxa3 Nc3 13. Nxc6 Bxc6 14. Qe1 Bxg2 15. Kxg2 Qd5+ 16. e4 Nxe4 17. Rd1 Qc6 18. Bxf8 Nc3+ 19. f3 Nxd1 20. Ba3 Qc2+ 21. Kg1 Rd8 22. Qe4 Qxa2 23. Qa4 Ne3 24. Be7 Qg2# 0-1